|
|
|
|
| LEADER |
00000cam a22000004a 4500 |
| 001 |
musev2_9932 |
| 003 |
MdBmJHUP |
| 005 |
20230905041133.0 |
| 006 |
m o d |
| 007 |
cr||||||||nn|n |
| 008 |
090601s2010 msu o 00 0 eng d |
| 010 |
|
|
|z 2009022458
|
| 020 |
|
|
|a 9781604734089
|
| 020 |
|
|
|z 1604734086
|
| 020 |
|
|
|z 9781604734072
|
| 020 |
|
|
|z 1604734078
|
| 035 |
|
|
|a (OCoLC)647087012
|
| 040 |
|
|
|a MdBmJHUP
|c MdBmJHUP
|
| 043 |
|
|
|a n-us---
|
| 050 |
0 |
4 |
|a E169.12
|b .S842 2010
|
| 245 |
0 |
0 |
|a Stories of Oprah :
|b The Oprahfication of American Culture /
|c edited by Trystan T. Cotten and Kimberly Springer.
|
| 264 |
|
1 |
|a Jackson :
|b University Press of Mississippi,
|c 2010.
|
| 264 |
|
3 |
|a Baltimore, Md. :
|b Project MUSE,
|c 2012
|
| 264 |
|
4 |
|c ©2010.
|
| 300 |
|
|
|a 1 online resource (240 pages).
|
| 336 |
|
|
|a text
|b txt
|2 rdacontent
|
| 337 |
|
|
|a computer
|b c
|2 rdamedia
|
| 338 |
|
|
|a online resource
|b cr
|2 rdacarrier
|
| 504 |
|
|
|a Includes bibliographical references and index.
|
| 505 |
0 |
|
|a Introduction : delineating the contours of the Oprah culture industry / Kimberly Springer -- Oprah the woman, Oprah the empire. Beginnings with O / John Howard -- "I'm everywoman" : Oprah Winfrey and feminist identification / Jennifer L. Rexroat -- New age soul : the gendered translation of new age spirituality on The Oprah Winfrey show / Karlyn Crowley -- Contesting the Oprah experts. Post(ed)structuralism? : Oprah's message boards, soul stories, and the everyday lives of women / Sherra Schick -- Oprah para mujeres Chicanas : a survey of the impact of Oprah's message on Chicanas / Adriana Katzew and Lilia de Katzew -- Confessions from at-risk teens : abstinence, the social construction of promiscuity, and The Oprah Winfrey show / Katherine Gregory -- Oprah goes to Africa : philanthropic consumption and political (dis)engagement / Heather Laine Talley and Monica J. Casper -- The Oprahfication of media. Oprah and the new news / Kathleen Dixon and Kacie Jossart -- The Oprahfication of 9/11 : September 11, the war in Iraq, and The Oprah Winfrey show / Jaap Kooijman -- From the Nobel to Oprah : Toni Morrison, body politics, and Oprah's book club / Edith Frampton -- Lost in translation : irony and contradiction in Harpo's production of Zora Neale Hurston's Their eyes were watching God / Trystan T. Cotten.
|
| 588 |
|
|
|a Description based on print version record.
|
| 651 |
|
0 |
|a United States
|x Civilization
|y 1970-
|
| 600 |
1 |
0 |
|a Winfrey, Oprah
|x Influence.
|
| 655 |
|
7 |
|a Electronic books.
|2 local
|
| 700 |
1 |
|
|a Springer, Kimberly,
|d 1970-
|
| 700 |
1 |
|
|a Cotten, Trystan T.,
|d 1986-
|
| 710 |
2 |
|
|a Project Muse.
|e distributor
|
| 830 |
|
0 |
|a Book collections on Project MUSE.
|
| 856 |
4 |
0 |
|z Texto completo
|u https://projectmuse.uam.elogim.com/book/9932/
|
| 945 |
|
|
|a Project MUSE - Custom Collection
|
| 945 |
|
|
|a Project MUSE - 2010 Global Cultural Studies
|
| 945 |
|
|
|a Project MUSE - Archive American Studies Foundation
|
| 945 |
|
|
|a Project MUSE - 2010 Complete
|